The economics of leisure

Αποθηκεύτηκε σε:
Λεπτομέρειες βιβλιογραφικής εγγραφής
Άλλοι συγγραφείς: Tisdell, C. A. (Clement Allan) (Επιμελητής έκδοσης)
Μορφή: Βιβλίο
Γλώσσα:English
Δημοσίευση: Cheltenham, UK; Northampton, MA : Edward Elgar, 2006
Σειρά:International library of critical writings in economics ; ; 200
Θέματα:
Ετικέτες: Προσθήκη ετικέτας
Δεν υπάρχουν, Καταχωρήστε ετικέτα πρώτοι!

MARC

LEADER 00000nam a2200000 i 4500
001 1/52521
008 070824s2006 eng d
020 |a 978-1-84064-823-2 (set) 
020 |a 1-84064-823-6 (set) 
035 |l 10090026 
040 |a GR-MY-UA  |b gre  |e aacr 
041 0 |a eng 
082 0 |a 338.4779  |2 (22) 
245 1 4 |a The economics of leisure /  |c edited by Clem Tisdell 
260 |a Cheltenham, UK; Northampton, MA :   |b Edward Elgar,   |c 2006 
300 |a 2τ.;  |b εικ.;  |c 25 εκ. 
490 1 |a The international library of critical writings in economics  |v ; 200 
504 |a Περιλαμβάνει βιβλιογραφικές αναφορές και ευρετήριο 
650 0 0 |a Leisure  |x Economic aspects. 
650 0 0 |a Recreation  |x Economic aspects. 
650 0 0 |a Work  |x Social aspects. 
700 1 |a Tisdell, C. A.  |q (Clement Allan)  |4 edt 
830 0 |a International library of critical writings in economics ;  |v ; 200 
852 |a INST  |b CHIOS  |e 20080108  |h 338.4779 ECO  |p 005200028003  |q 005200028003  |t BK  |y 0  |z τ.1 
852 |a INST  |b CHIOS  |e 20080108  |h 338.4779 ECO  |p 005200028004  |q 005200028004  |t BK  |y 0  |z τ.2 
852 |a INST  |b CHIOS  |e 20080108  |h 338.4779 ECO  |p 005200028003  |q 005200028003  |t BK  |v τ.1:  |y 0  |z τ.1 
852 |a INST  |b CHIOS  |e 20080108  |h 338.4779 ECO  |p 005200028004  |q 005200028004  |t BK  |v τ.2:  |y 0  |z τ.2 
852 |a INST  |b LESVOS  |e 20070824  |h 338.4779 ECO  |p 005100039204  |q 005100039204  |t BK  |y 0  |z τ.2 
852 |a INST  |b LESVOS  |e 20070824  |h 338.4779 ECO  |p 005100039205  |q 005100039205  |t BK  |y 0  |z τ.1 
852 |a INST  |b LESVOS  |e 20070824  |h 338.4779 ECO  |p 005100039204  |q 005100039204  |t BK  |v τ.2:  |y 0  |z τ.2 
852 |a INST  |b LESVOS  |e 20070824  |h 338.4779 ECO  |p 005100039205  |q 005100039205  |t BK  |v τ.1:  |y 0  |z τ.1 
853 |a INST  |b CHIOS  |h 338.4779 ECO 
853 |a INST  |b LESVOS  |h 338.4779 ECO 
901 |a BIBL1-2007-2 
901 |a BIBL2-2008-1 
909 |a Λ  |b 138325 
909 |a Λ  |b 138326 
909 |a Χ  |b 142496 
909 |a Χ  |b 142495 
922 |a 1ΕΛΗ  |b 200707  |c ΕΠΕΑΕΚ2/ΤΠ  |d ΠΑΠΑΣΩΤΗΡΙΟΥ 
922 |a 2ΕΛΗ  |b 200712  |c ΕΠΕΑΕΚ2/ΤΜΟΔ  |d ΕΛΕΥΘΕΡΟΥΔΑΚΗΣ 
970 |a ΒΑΡΚΑ  |b ΕΛΕΥΘΕΡΙΑ  |z 2007/08/24